Historie naturelle de Pline (Registro nro. 86699)

Detalles MARC
000 -ENCABEZADO
Número de control [NR] 00762nam a22002057a 4500
008 - DE LONGITUD FIJA DE DATOS DE ELEMENTOS - INFORMACIÓN GENERAL
Elementos de longitud fija [NR] 130821s1865 fr gr fre
040 ## - FUENTE DE CATALOGACION [NR]
Agencia de catalogación original [NR] Co-BoUCM
Idioma de catalogación [NR] spa
041 00 - CODIGO DE IDIOMA [R]
Código de idioma para texto/pista de sonido o título separado [R] Francés
100 ## - ASIENTO PRINCIPAL--NOMBRE PERSONAL [NR]
Nombre personal [NR] Littre, M. E.
Término relacionador [R] Tr
ID Autoridad 150084
245 00 - MENCION DE TITULO [NR]
Título [NR] Historie naturelle de Pline
Mención de responsabilidad, etc. [NR] M. E. Littre ' avec la traduction en Francais par M. E. Littre
260 ## - PUBLICACION, DISTRIBUCION, ETC. (PIE DE IMPRENTA) [R]
Lugar de publicación, distribución, etc. [R] París (Francia)
Nombre del editor, distribuidor, etc. [R] Firmin Didot Freres
Fecha de publicación, distribución, etc. [R] 1865
300 ## - DESCRIPCION FISICA [R]
Extensión [R] 2 volúmenes
500 ## - NOTA GENERAL [R]
Nota general [NR] Incluye índice general al final del segundo volumen
650 04 - ASIENTO SECUNDARIO DE MATERIA - TERMINO TEMATICO [R]
Término temático o nombre geográfico como elemento de entrada [NR] Animales y plantas
9 (RLIN) 7273
650 04 - ASIENTO SECUNDARIO DE MATERIA - TERMINO TEMATICO [R]
Término temático o nombre geográfico como elemento de entrada [NR] Animales y plantas
Subdivisión general [R] Distribución geográfica
9 (RLIN) 7273
650 04 - ASIENTO SECUNDARIO DE MATERIA - TERMINO TEMATICO [R]
Término temático o nombre geográfico como elemento de entrada [NR] Distribución geográfica
9 (RLIN) 7531
650 04 - ASIENTO SECUNDARIO DE MATERIA - TERMINO TEMATICO [R]
Término temático o nombre geográfico como elemento de entrada [NR] Historia natural
9 (RLIN) 16944
942 ## - ELEMENTOS DE ENTRADA AGREGADOS (KOHA)
Tipo de ítem principal el descrito en 300a Libro
Tema principal Ciencias puras
Edición 1
Parte restante de la signatura top. L17
Título oculto en OPAC No
Sistema de clasificación DEWEY
Clasificación 508
Existencias
Signatura topográfica Código de barras Última vez visto Volúmen / Fascículo Ejemplar Price effective from Tipo de ítem Perdido Sistema de clasificación Dañado No prestable Tipo de ítem específico Suprimido Ubicación habitual Ubicación actual Localización Fecha de creación Forma de adquisición Costo
FCS 508 L17 120002417 11/07/2012 V.1 Ej.1 03/02/2013 Libro   DEWEY     Fondos especiales     Archivo Histórico Archivo histórico 28/02/2003 Donación 1000.00
FCS 508 L17 120002418 11/07/2012 V.2 Ej.1 03/02/2013 Libro   DEWEY     Fondos especiales     Archivo Histórico Archivo histórico 28/02/2003 Donación 1000.00